| 000 | 01871nam a22003977a 4500 | ||
|---|---|---|---|
| 005 | 20090620120218.0 | ||
| 008 | 090620t xxu||||| |||| 00| 0 eng d | ||
| 010 | _aENG-94144 | ||
| 020 |
_a9780198060048 _c795.00 |
||
| 020 |
_a0198060041 _c795.00 |
||
| 035 | _aEN-77677 | ||
| 037 | _bDBAD / PUB | ||
| 040 |
_adpl _bEnglish |
||
| 082 | _a338.954 | ||
| 111 |
_aSAARC Business Conclave _cBombay, India _d2007 _n2nd |
||
| 245 |
_aAccelerating growth and job creation in South Asia / _cedited by Ejaz Ghani [and] Sadiq Ahmed |
||
| 260 |
_aNew Delhi _bOxford University Press _c2009 |
||
| 270 |
_aYMCA Library Building, Jai Singh Road, _bNew Delhi _e110001 |
||
| 300 |
_axxvi, 467p. _c23cm(Hb) _bmaps |
||
| 500 | _aIncludes statistics. | ||
| 500 | _aIncludes bibliographical references. | ||
| 520 | _aTranscript of papers presented during the 2nd SAARC Business Conclave held in Mumbai, India in 2007 organized by South Asia Region of the World Bank in collaboration with South Asian Association for Regional Cooperation. | ||
| 650 |
_aEconomic development _zSouth Asia _vCongresses. |
||
| 650 |
_aEconomic development _zSouth Asia _vStatistics _vCongresses |
||
| 650 |
_aJob creation _zSouth Asia _vCongresses |
||
| 650 |
_aJob creation _zSouth Asia _vStatistics _vCongresses |
||
| 650 |
_aManpower policy _zSouth Asia _vCongresses |
||
| 650 |
_aManpower policy _zSouth Asia _vStatistics _vCongresses |
||
| 650 |
_aSouth Asian cooperation _vCongresses. |
||
| 700 | _aEjaz Ghani | ||
| 700 | _aSadiq Ahmed | ||
| 710 | _aSouth Asian Association for Regional Cooperation. | ||
| 710 |
_aWorld Bank _bSouth Asia Regional Office. |
||
| 942 |
_2ddc _cEN _mACC _h338.954 |
||
| 999 |
_c27677 _d27677 |
||